Pokédex Légende Arceus - Statistiques

Statistiques générales
  • Ce quiz a été pris 7 fois
  • Le résultat moyen est 166 sur 242
Statistiques - réponses
Numéro Pokémon % Correct
58 Abra
100%
151 Arcanin
100%
3 Archéduc
100%
166 Bargantua
100%
1 Brindibou
100%
150 Caninos
100%
11 Castorno
100%
50 Cerbyllin
100%
49 Cerfrousse
100%
93 Chlorobule
100%
74 Cizayox
100%
9 Clamiral
100%
204 Dimoret
100%
2 Efflèche
100%
193 Electrode
100%
14 Etouraptor
100%
12 Etourmi
100%
13 Etourvol
100%
136 Fantominus
100%
202 Farfuret
100%
203 Farfurex
100%
5 Feurisson
100%
94 Fragilady
100%
215 Grelaçon
100%
73 Hachécateur
100%
4 Héricendre
100%
72 Insécateur
100%
59 Kadabra
100%
10 Keunotor
100%
81 Leviator
100%
80 Magicarpe
100%
8 Mateloutre
100%
7 Moustillon
100%
41 Mustébouée
100%
42 Mustéflott
100%
167 Paragruel
100%
55 Pichu
100%
56 Pikachu
100%
57 Raichu
100%
216 Séracrawl
100%
137 Spectrum
100%
6 Typhlosion
100%
192 Voltorbe
100%
234 Amovénus
75%
238 Arceus
75%
164 Babimanta
75%
37 Baudrive
75%
218 Blizzaroi
75%
217 Blizzi
75%
231 Boréas
75%
131 Boskara
75%
96 Bouldeneu
75%
79 Capidextre
75%
78 Capumain
75%
189 Carchacrok
75%
188 Carmache
75%
153 Chaffreux
75%
152 Chaglam
75%
62 Chimpenfeu
75%
100 Coatox
75%
213 Cochignon
75%
116 Colimucus
75%
99 Cradopaud
75%
227 Créfadet
75%
226 Créfollet
75%
225 Créhelf
75%
242 Darkrai
75%
165 Démanta
75%
233 Démétéros
75%
235 Dialga
75%
138 Ectoplasma
75%
184 Elekable
75%
182 Elekid
75%
183 Elektek
75%
197 Feuforêve
75%
232 Fulguris
75%
221 Furaiglon
75%
104 Gallame
75%
24 Galopa
75%
103 Gardevoir
75%
237 Giratina
75%
187 Griknot
75%
38 Grodrive
75%
222 Gueriaigle
75%
108 Hippodocus
75%
107 Hippopotas
75%
145 Kaimorse
75%
102 Kirlia
75%
88 Leuphorie
75%
87 Leveinard
75%
15 Lixy
75%
224 Lucario
75%
16 Luxio
75%
17 Luxray
75%
154 Machoc
75%
155 Machopeur
75%
156 Mackogneur
75%
176 Maganon
75%
174 Magby
75%
198 Magirêve
75%
175 Magmar
75%
177 Magnéti
75%
178 Magnéton
75%
179 Magnézone
75%
214 Mammochon
75%
240 Manaphy
75%
212 Marcacrin
75%
199 Mélo
75%
201 Mélodelfe
75%
200 Mélofée
75%
207 Momartik
75%
115 Mucuscule
75%
117 Muplodocus
75%
35 Nosferalto
75%
34 Nosferapti
75%
36 Nostenfer
75%
143 Obalie
75%
206 Oniglali
75%
61 Ouisticram
75%
109 Pachirisu
75%
236 Palkia
75%
53 Paras
75%
54 Parasect
75%
239 Phione
75%
144 Phogleur
75%
163 Pingoléon
75%
23 Ponyta
75%
133 Porygon
75%
134 Porygon 2
75%
135 Porygon Z
75%
162 Prinplouf
75%
84 Qwilfish
75%
85 Qwilpik
75%
229 Regigigas
75%
122 Rhinastoc
75%
120 Rhinocorne
75%
121 Rhinoféros
75%
223 Riolu
75%
90 Rosélia
75%
91 Roserade
75%
89 Rozbouton
75%
95 Saquedeneu
75%
185 Scorplane
75%
186 Scorvol
75%
241 Shaymin
75%
63 Simiabraz
75%
139 Spiritomb
75%
205 Stalgamin
75%
161 Tiplouf
75%
132 Torterra
75%
130 Tortipouss
75%
220 Zoroark
75%
219 Zorua
75%
69 Akwakwak
50%
71 Apireine
50%
70 Apitrini
50%
26 Aquali
50%
181 Archéodong
50%
180 Archéomire
50%
19 Armulys
50%
98 Barbicha
50%
97 Barloche
50%
211 Bastiodon
50%
21 Blindalys
50%
66 Ceribou
50%
67 Ceriflor
50%
20 Charmillon
50%
18 Chenipotte
50%
44 Cheniselle
50%
43 Cheniti
50%
141 Corboss
50%
140 Cornèbre
50%
230 Cresselia
50%
210 Dinoclier
50%
149 Drascore
50%
196 Eoko
50%
25 Evoli
50%
32 Givrali
50%
51 Goinfrex
50%
47 Gravalanch
50%
48 Grolem
50%
228 Heatran
50%
195 Korillon
50%
208 Kranidos
50%
123 Manzaï
50%
40 Mélokrik
50%
29 Mentali
50%
76 Mime Jr
50%
77 M.Mime
50%
194 Motisma
50%
111 Moufflair
50%
110 Moufouette
50%
30 Noctali
50%
160 Noctunoir
50%
33 Nymphali
50%
147 Octillery
50%
118 Onix
50%
45 Papilord
50%
22 Papinox
50%
31 Phyllali
50%
68 Psykokwak
50%
86 Ptiravi
50%
28 Pyroli
50%
46 Racaillou
50%
148 Rapion
50%
146 Rémoraid
50%
52 Ronflex
50%
82 Sancoki
50%
75 Scarhino
50%
124 Simularbre
50%
158 Skélénox
50%
119 Steelix
50%
190 Tarinor
50%
191 Tarinorme
50%
101 Tarsal
50%
112 Teddiursa
50%
170 Tentacool
50%
171 Tentacruel
50%
159 Téraclope
50%
129 Togekiss
50%
127 Togepi
50%
128 Togetic
50%
83 Tritosor
50%
114 Ursaking
50%
113 Ursaring
50%
27 Voltali
50%
92 Vortente
50%
142 Zarbi
50%
60 Alakasam
25%
126 Coudlangue
25%
39 Crikzik
25%
172 Ecayon
25%
125 Excelangue
25%
169 Feunard
25%
168 Goupix
25%
64 Laporeille
25%
65 Lockpin
25%
173 Luminéon
25%
157 Pijako
25%
105 Yanma
25%
106 Yanmega
25%
209 Chrakos
0%
Aucun quiz correspondant
Distribution des résultats
% des personnes avec chaque résultat
Percentile par nombre de réponses
Votre historique - résultats
Vous n’avez pas pris ce quiz